[Event "World Junior Open 2015"]
[Site "Khanty-Mansiysk RUS"]
[Date "2015.09.14"]
[Round "12.13"]
[White "Beradze, Irakli"]
[Black "Bai, Jinshi"]
[Result "1-0"]
[BlackTitle "IM"]
[WhiteElo "2380"]
[BlackElo "2519"]
[WhiteFideId "13604597"]
[BlackFideId "8602280"]
[EventDate "2015.09.02"]

1. d4 Nf6 2. c4 g6 3. Nc3 d5 4. Bg5 Bg7 5. Bxf6 Bxf6 6. cxd5 c6 7. Rc1 Qb6 8. e3
Qxb2 9. Nf3 Bg4 10. Be2 O-O 11. O-O Rd8 12. h3 Bd7 13. Nd2 b5 14. Bf3 a6 15.
Nde4 Ra7 16. dxc6 Bxc6 17. Nxf6+ exf6 18. Bxc6 Nxc6 19. Ne4 Nb4 20. Rb1 Qa3 21.
Rb3 Qa4 22. Nxf6+ Kg7 23. Ne4 Rc7 24. Qa1 Nd5 25. Nc5 Qa5 26. Qb2 Nb6 27. Ra3
Na4 28. Qb1 Rdc8 29. g3 Qd2 30. Nxa4 Rc1 31. Rd3 Rxb1 32. Rxd2 Rxf1+ 33. Kxf1
Rc1+ 34. Ke2 bxa4 35. h4 Kf6 36. Kf3 Ke6 37. Rb2 Ra1 38. e4 a3 39. Rd2 Kd6 40.
Kf4 f6 41. f3 h5 42. d5 a5 43. Rc2 a4 44. Rd2 Ke7 45. Ke3 Kd6 46. f4 Rb1 47. Kd4
Rb4+ 48. Kd3 Rb1 49. Kc4 Rb2 50. Kc3 Rb6 51. Rd3 Rb7 52. Kc4 Rb1 53. Rxa3 Re1
54. Kd4 Rd1+ 55. Rd3 Re1 56. Rd2 Kd7 57. e5 f5 58. Rc2 Rd1+ 59. Kc4 Rg1 60. Rc3
Rg2 61. a3 Rd2 62. Rd3 Rb2 63. d6 1-0

[Event "World Junior Open 2015"]
[Site "Khanty-Mansiysk RUS"]
[Date "2015.09.14"]
[Round "12.14"]
[White "Tari, Aryan"]
[Black "Barbot, Pierre1"]
[Result "1-0"]
[WhiteTitle "IM"]
[BlackTitle "FM"]
[WhiteElo "2518"]
[BlackElo "2455"]
[WhiteFideId "1510045"]
[BlackFideId "663727"]
[EventDate "2015.09.02"]

1. e4 c5 2. Nf3 d6 3. d4 cxd4 4. Nxd4 Nf6 5. Nc3 Nc6 6. Bg5 e6 7. Qd2 a6 8.
O-O-O Bd7 9. f4 Be7 10. Nf3 b5 11. e5 b4 12. exf6 gxf6 13. Ne4 d5 14. Nxf6+ Bxf6
15. Bxf6 Qxf6 16. Bd3 a5 17. Bb5 Nb8 18. Bd3 Nc6 19. Rhe1 a4 20. Ne5 a3 21. b3
Rb8 22. Qf2 Rb7 23. Ba6 Rc7 24. Qb6 Nxe5 25. Qxc7 Nc6 26. Rd3 Ke7 27. Bb7 1-0

[Event "World Junior Open 2015"]
[Site "Khanty-Mansiysk RUS"]
[Date "2015.09.14"]
[Round "12.15"]
[White "Gagare, Shardul"]
[Black "Menezes, Christoph"]
[Result "1/2-1/2"]
[WhiteTitle "IM"]
[BlackTitle "FM"]
[WhiteElo "2469"]
[BlackElo "2364"]
[WhiteFideId "5037883"]
[BlackFideId "1617001"]
[EventDate "2015.09.02"]

1. d4 Nf6 2. c4 e6 3. Nf3 d5 4. Nc3 Bb4 5. cxd5 exd5 6. Bg5 Nbd7 7. e3 h6 8. Bh4
g5 9. Bg3 Ne4 10. Nd2 Nxg3 11. hxg3 c6 12. Qb3 Bf8 13. O-O-O Nb6 14. Qc2 Bg7 15.
Nb3 O-O 16. Bd3 Re8 17. Rde1 a5 18. Nd2 Bd7 19. f4 g4 20. Re2 Nc8 21. e4 dxe4
22. Ndxe4 Nb6 23. Nc5 Bxd4 24. Nxd7 Qxd7 25. Rxh6 Bg7 26. Rh5 Rad8 27. Kb1 Rxe2
28. Bxe2 Qd2 29. Rh1 Qe3 30. Rd1 Rxd1+ 31. Qxd1 Bxc3 32. Qd8+ Kg7 33. Qg5+ Kf8
34. Qd8+ Kg7 35. Qg5+ Kf8 1/2-1/2

[Event "World Junior Open 2015"]
[Site "Khanty-Mansiysk RUS"]
[Date "2015.09.14"]
[Round "12.16"]
[White "Sanal, Vahap"]
[Black "Saiyn, Zhanat"]
[Result "1-0"]
[WhiteTitle "IM"]
[BlackTitle "IM"]
[WhiteElo "2522"]
[BlackElo "2413"]
[WhiteFideId "6300545"]
[BlackFideId "13703820"]
[EventDate "2015.09.02"]

1. Nf3 Nf6 2. g3 b5 3. Bg2 Bb7 4. b3 e6 5. c4 a6 6. Nc3 bxc4 7. bxc4 c5 8. Rb1
Bc6 9. O-O Be7 10. Qc2 d6 11. e4 e5 12. Nd5 O-O 13. d3 Bd7 14. Nb6 Ra7 15. Nxd7
Nfxd7 16. Bd2 Nc6 17. h4 Nd4 18. Qa4 Qa8 19. Nh2 Rb8 20. Ng4 Rab7 21. Rxb7 Rxb7
22. Ne3 Nf6 23. Kh1 Rb2 24. Bc3 Rb8 25. Qd1 g6 26. Kh2 Bf8 27. f4 Bg7 28. f5 h5
29. Bh3 Kh7 30. Nd5 Nxd5 31. cxd5 Rb7 32. g4 hxg4 33. Qxg4 Bh6 34. fxg6+ fxg6
35. Rf6 Bf4+ 36. Kh1 Rg7 37. h5 Qe8 38. Bxd4 cxd4 39. hxg6+ Rxg6 40. Qxg6+ Qxg6
41. Bf5 Qxf5 42. Rxf5 Kg7 43. Kg2 Bd2 44. Kf3 a5 45. a4 Be1 46. Ke2 Bh4 47. Kd1
Bf6 48. Kc2 Kf7 49. Kb3 Ke7 50. Kc4 Bh4 51. Kb5 Be1 52. Kc6 Bb4 53. Rh5 Kf6 54.
Rh6+ Kg5 55. Rxd6 Kf4 56. Re6 Ke3 57. d6 Bxd6 58. Kxd6 1-0

[Event "World Junior Open 2015"]
[Site "Khanty-Mansiysk RUS"]
[Date "2015.09.14"]
[Round "12.17"]
[White "Ratkovic, Miloje"]
[Black "Goryachkina, Aleksandra"]
[Result "1-0"]
[BlackTitle "WGM"]
[WhiteElo "2388"]
[BlackElo "2497"]
[WhiteFideId "914517"]
[BlackFideId "4147103"]
[EventDate "2015.09.02"]

1. d4 Nf6 2. Nf3 d5 3. Bf4 c5 4. e3 cxd4 5. exd4 Bg4 6. h3 Bxf3 7. Qxf3 Nc6 8.
c3 e6 9. Nd2 Bd6 10. Bd3 Bxf4 11. Qxf4 O-O 12. O-O-O Qb8 13. Qh4 Rc8 14. Kb1 b5
15. Rhe1 b4 16. c4 dxc4 17. Nxc4 b3 18. a3 Qc7 19. Ne5 Ne7 20. g4 Ng6 21. Qg3
Nxe5 22. dxe5 Nd5 23. Be4 Rab8 24. Rc1 Qa5 25. Qd3 Nb6 26. Rxc8+ Rxc8 27. Rd1 g6
28. Bb7 Rb8 29. Qd6 Rf8 30. Rc1 Qb5 31. Qd4 Nc4 32. Be4 Nxa3+ 33. bxa3 Qe2 34.
Rc7 Rb8 35. Bb7 Qa2+ 36. Kc1 Qxa3+ 37. Kd1 Qa2 38. Bc8 Qb1+ 39. Rc1 Qa2 40. Qd8+
Kg7 41. Qf6+ Kg8 42. Rc7 Qb1+ 43. Kd2 1-0

[Event "World Junior Open 2015"]
[Site "Khanty-Mansiysk RUS"]
[Date "2015.09.14"]
[Round "12.18"]
[White "Bida, Mihai-Eugen"]
[Black "Laurusas, Tomas"]
[Result "0-1"]
[WhiteTitle "FM"]
[BlackTitle "IM"]
[WhiteElo "2394"]
[BlackElo "2429"]
[WhiteFideId "1200062"]
[BlackFideId "12803731"]
[EventDate "2015.09.02"]

1. d4 Nf6 2. c4 g6 3. Nc3 Bg7 4. e4 d6 5. h3 O-O 6. Be3 c6 7. Nf3 a6 8. Be2 b5
9. a3 Nbd7 10. O-O bxc4 11. Bxc4 Nb6 12. Ba2 a5 13. Re1 h6 14. d5 cxd5 15. exd5
Bb7 16. Qd2 Kh7 17. Bxb6 Qxb6 18. Rxe7 Ba6 19. Rc1 Qd8 20. Ree1 Nd7 21. Nd4 Nc5
22. Nc6 Qh4 23. b4 axb4 24. Nxb4 h5 25. Rcd1 Bc8 26. Nb5 Bd7 27. Nxd6 Rxa3 28.
Nc4 Bc3 29. Qc1 Bxe1 30. Qxa3 Qxf2+ 31. Kh2 Qf4+ 32. Kg1 Bf2+ 33. Kh1 Ne4 34. g3
Nxg3+ 35. Kg2 Bxh3+ 36. Kxh3 Qg4+ 37. Kh2 Qxd1 0-1

[Event "World Junior Open 2015"]
[Site "Khanty-Mansiysk RUS"]
[Date "2015.09.14"]
[Round "12.19"]
[White "Isaev, Chyngyz"]
[Black "Korchmar, Vasiliy"]
[Result "1/2-1/2"]
[BlackTitle "IM"]
[WhiteElo "2163"]
[BlackElo "2409"]
[WhiteFideId "13801660"]
[BlackFideId "24131750"]
[EventDate "2015.09.02"]

1. d4 d5 2. c4 e6 3. Nc3 c6 4. e3 Bd6 5. Qc2 f5 6. Bd3 Nf6 7. cxd5 Nxd5 8. a3
Qg5 9. g3 Qh5 10. Bd2 O-O 11. Nge2 b6 12. O-O-O Ba6 13. e4 Bxd3 14. Qxd3 fxe4
15. Nxe4 Be7 16. Nf4 Qf5 17. Qe2 Nd7 18. Nd3 c5 19. dxc5 bxc5 20. Rhe1 Rab8 21.
Nc3 Rb6 22. Qe4 Nxc3 23. Bxc3 Qf7 24. f4 Nf6 25. Qc4 Kh8 26. Ne5 Qe8 27. Ba5 Rb5
28. Qxe6 Rxa5 29. Nc4 Ra4 30. b3 Rxc4+ 31. bxc4 Qa4 32. Qxe7 Qxc4+ 33. Kd2 Rb8
34. Re2 Qd4+ 35. Ke1 Qg1+ 36. Kd2 Qd4+ 37. Ke1 Qg1+ 38. Kd2 Qd4+ 1/2-1/2

[Event "World Junior Open 2015"]
[Site "Khanty-Mansiysk RUS"]
[Date "2015.09.14"]
[Round "12.20"]
[White "Carneiro, Vitor Roberto Castro"]
[Black "Bilguun, Sumiya"]
[Result "0-1"]
[WhiteTitle "CM"]
[BlackTitle "FM"]
[WhiteElo "2405"]
[BlackElo "2343"]
[WhiteFideId "2130106"]
[BlackFideId "4901541"]
[EventDate "2015.09.02"]

1. c4 e6 2. Nf3 c5 3. g3 b6 4. Bg2 Bb7 5. O-O Nf6 6. b3 d6 7. Bb2 Nbd7 8. e3 Rc8
9. Nc3 Be7 10. d4 O-O 11. Qe2 a6 12. e4 cxd4 13. Nxd4 Qc7 14. Rac1 Qb8 15. Rfe1
Rfd8 16. h3 Bf8 17. Kh2 g6 18. f4 Bg7 19. Rcd1 Re8 20. Nf3 Rcd8 21. Nd2 h6 22.
b4 g5 23. Rf1 gxf4 24. gxf4 Nf8 25. Qf2 Ba8 26. Kh1 Ng6 27. Nb3 Nh5 28. Qe3 d5
29. cxd5 Ngxf4 30. dxe6 fxe6 31. Rxd8 Rxd8 32. Rg1 Rd3 33. Qe1 Ng3+ 34. Kh2 Nfe2 0-1

[Event "World Junior Open 2015"]
[Site "Khanty-Mansiysk RUS"]
[Date "2015.09.14"]
[Round "12.21"]
[White "Megalios, Konstantinos"]
[Black "Leiva, Giuseppe"]
[Result "1-0"]
[BlackTitle "IM"]
[WhiteElo "2242"]
[BlackElo "2400"]
[WhiteFideId "4238044"]
[BlackFideId "3804399"]
[EventDate "2015.09.02"]

1. d4 Nf6 2. c4 e6 3. g3 c5 4. Nf3 cxd4 5. Nxd4 d5 6. Bg2 e5 7. Nc2 d4 8. f4
exf4 9. Qxd4 fxg3 10. Qxd8+ Kxd8 11. hxg3 Nc6 12. Nc3 Ne5 13. Bf4 Nfg4 14.
O-O-O+ Bd7 15. Bxb7 Rb8 16. Bf3 Rc8 17. Rd5 Rc5 18. Rhd1 Rxd5 19. Rxd5 f6 20.
Ra5 g5 21. Bxe5 Nxe5 22. Rxa7 Nxf3 23. exf3 h5 24. Nd5 h4 25. Nxf6 Bf5 26. Nd4
Rh6 27. Nxf5 Rxf6 28. g4 Bd6 29. Nxd6 Rxd6 30. Rh7 Rf6 31. Rh5 Rxf3 32. Rxg5 Rg3
33. Kc2 Ke7 34. Rh5 Rxg4 35. Kc3 Kf6 36. a4 Kg6 37. Rh8 Kg7 38. Rh5 Kg6 39. Rh8
Kg7 40. Rd8 h3 41. Rd1 Kf6 42. a5 h2 43. Rh1 Rg3+ 44. Kd4 Rg2 45. b4 Rb2 46. Ke4 1-0

[Event "World Junior Open 2015"]
[Site "Khanty-Mansiysk RUS"]
[Date "2015.09.14"]
[Round "12.22"]
[White "Harsha, Bharathakoti"]
[Black "Vokhidov, Shamsiddin"]
[Result "1/2-1/2"]
[WhiteElo "2393"]
[BlackElo "2292"]
[WhiteFideId "5078776"]
[BlackFideId "14204223"]
[EventDate "2015.09.02"]

1. c4 e5 2. g3 Nf6 3. Bg2 Nc6 4. Nc3 Bb4 5. Nd5 Bc5 6. e3 d6 7. Ne2 Nxd5 8. cxd5
Ne7 9. O-O Bb6 10. d4 O-O 11. b3 Bg4 12. dxe5 dxe5 13. Ba3 Qd7 14. h3 Bxe2 15.
Qxe2 Rfd8 16. Rfd1 Nf5 17. d6 c6 18. Qc4 Kh8 19. Rd3 Qe8 20. Rad1 Qd7 21. Bb2 f6
22. b4 a6 23. a4 Rac8 24. Kh2 Nh6 25. Qb3 Ba7 26. b5 axb5 27. axb5 cxb5 28. Bd5
Qf5 29. R1d2 Rxd6 30. Be4 Rxd3 31. Qxd3 Qe6 32. Bxb7 Rb8 33. Qxb5 Nf7 34. Bd5
Qe7 35. Qe2 Bc5 36. Rc2 Bb4 37. Qc4 Nd6 38. Qd3 Ne8 39. Bc1 Nc7 40. Be4 Rd8 41.
Qe2 g6 42. Bb2 Ne8 43. h4 Ng7 44. Qb5 Ba3 45. Bc3 Bd6 46. Ba5 Rf8 47. Qb7 f5 48.
Qxe7 Bxe7 49. Bd5 h6 50. Rc7 Bd8 51. Rc8 Be7 52. Rc6 Kh7 53. Bc3 e4 54. Be5 h5
55. Kg2 Kh6 56. Ra6 Kh7 57. Rb6 Kh6 58. Kf1 Kh7 59. Ke2 Kh6 60. Bb3 Kh7 61. Bc4
Kh6 62. Kd2 Kh7 63. Kc2 Bd8 64. Ra6 Re8 65. Bd4 Re7 66. Ra8 Rd7 67. Kc3 Ne8 68.
Bb5 Nc7 69. Bxd7 Nxa8 70. Kb4 Nc7 71. Kc5 Be7+ 72. Kc4 Na6 73. Kd5 Nb4+ 74. Ke6
Bf8 75. Kf7 Bh6 76. Bb5 Nd3 77. Bxd3 exd3 78. Bc3 Bg7 79. Bd2 Bb2 80. Ke6 Kg7
81. Kd5 Kf6 82. Kc4 Ke6 83. Kxd3 Kd5 84. f3 Bg7 85. Bc1 Bf8 86. e4+ fxe4+ 87.
fxe4+ Ke6 88. Bf4 Bb4 89. Kc4 Ba5 90. Kc5 Bd8 91. Kc6 Ba5 92. Kb5 Bd8 1/2-1/2

[Event "World Junior Open 2015"]
[Site "Khanty-Mansiysk RUS"]
[Date "2015.09.14"]
[Round "12.23"]
[White "Ererdem, Gani Eren"]
[Black "Arat, Ufuk Sezen"]
[Result "1/2-1/2"]
[BlackTitle "FM"]
[WhiteElo "2213"]
[BlackElo "2441"]
[WhiteFideId "6310915"]
[BlackFideId "6309089"]
[EventDate "2015.09.02"]

1. d4 g6 2. e4 Bg7 3. Nc3 d6 4. Bg5 a6 5. Qd2 b5 6. a4 b4 7. Nd5 a5 8. c3 c6 9.
Ne3 Nf6 10. Bd3 O-O 11. Ne2 c5 12. O-O bxc3 13. bxc3 cxd4 14. cxd4 Nc6 15. f3
Nb4 16. Bb5 Ne8 17. Nc4 d5 18. Nxa5 Qxa5 19. Rab1 dxe4 20. fxe4 f6 21. Be3 Bb7
22. d5 Nxd5 23. Qxa5 Rxa5 24. exd5 Nd6 25. Bb6 Raa8 26. Nf4 Rfc8 27. Ne6 Nxb5
28. axb5 Rc2 29. Nc7 Raa2 30. Rf2 f5 31. Rxc2 Rxc2 32. Re1 Kf7 33. Ne6 Bxd5 34.
Nxg7 Rxg2+ 35. Kf1 Rxh2 36. Bd4 Rd2 37. Bc3 Rc2 38. Bd4 Bc4+ 39. Kg1 Bxb5 40.
Ne6 h6 41. Nd8+ Ke8 42. Ne6 Bc6 43. Rb1 Kd7 44. Nf8+ Kd6 45. Rb2 Rc1+ 46. Kf2 g5
47. Rd2 Bd5 48. Bb2 Rc6 49. Ba3+ Ke5 50. Nd7+ Ke4 51. Nc5+ 1/2-1/2

[Event "World Junior Open 2015"]
[Site "Khanty-Mansiysk RUS"]
[Date "2015.09.14"]
[Round "12.24"]
[White "Studer, Noel"]
[Black "Hasenohr, Benedict"]
[Result "1/2-1/2"]
[WhiteTitle "IM"]
[BlackTitle "FM"]
[WhiteElo "2422"]
[BlackElo "2309"]
[WhiteFideId "1319620"]
[BlackFideId "1303309"]
[EventDate "2015.09.02"]

1. e4 e6 2. d4 d5 3. Nd2 dxe4 4. Nxe4 Bd7 5. Nf3 Bc6 6. Bd3 Nd7 7. O-O Ngf6 8.
Ned2 Be7 9. Qe2 Bxf3 10. Nxf3 O-O 11. Bf4 c6 12. c3 Re8 13. Rad1 Qa5 14. Ne5
Nxe5 15. dxe5 Nd5 16. Bc1 Qxa2 17. h4 Bf8 18. Bg5 Qa5 19. Bb1 Qc7 20. Rd3 Ne7
21. Rf3 Rad8 22. Qe4 g6 23. Qf4 Nd5 24. Bxd8 Rxd8 25. Qe4 Bg7 26. Re1 Ne7 27.
Qf4 Nd5 28. Qg5 Nb6 29. Ba2 Na4 30. b4 Nb2 31. g3 h6 32. Qe3 Nd3 33. Rd1 Nxe5
34. Rxd8+ Qxd8 35. Rf4 Qd1+ 36. Kg2 Qd3 37. Rd4 Qxe3 38. fxe3 Bf6 39. Bb3 1/2-1/2

[Event "World Junior Open 2015"]
[Site "Khanty-Mansiysk RUS"]
[Date "2015.09.14"]
[Round "12.25"]
[White "Fontaine, Quentin"]
[Black "Bogdanov, Egor"]
[Result "1/2-1/2"]
[WhiteElo "2122"]
[BlackElo "2333"]
[WhiteFideId "230804"]
[BlackFideId "14119137"]
[EventDate "2015.09.02"]

1. d4 Nf6 2. c4 g6 3. Nc3 Bg7 4. e4 O-O 5. f4 d6 6. Nf3 c5 7. d5 a6 8. a4 e6 9.
Be2 exd5 10. cxd5 Re8 11. e5 dxe5 12. fxe5 Ng4 13. Bg5 Qb6 14. O-O Nxe5 15. Nxe5
Bxe5 16. Qd2 Qd6 1/2-1/2

[Event "World Junior Open 2015"]
[Site "Khanty-Mansiysk RUS"]
[Date "2015.09.14"]
[Round "12.26"]
[White "Kirk, Ezra"]
[Black "Serikbay, Chingiz"]
[Result "1/2-1/2"]
[WhiteTitle "FM"]
[BlackTitle "FM"]
[WhiteElo "2315"]
[BlackElo "2272"]
[WhiteFideId "600067"]
[BlackFideId "13707604"]
[EventDate "2015.09.02"]

1. d4 Nf6 2. Nf3 d5 3. c4 c6 4. e3 e6 5. Nbd2 Bd6 6. Bd3 Nbd7 7. O-O O-O 8. e4
dxe4 9. Nxe4 Nxe4 10. Bxe4 Nf6 11. Bc2 c5 12. Qd3 h6 13. b3 cxd4 14. Qxd4 Be7
15. Qc3 b6 16. Ne5 Bb7 17. Bxh6 gxh6 18. Rad1 Qe8 19. Rd4 Kh8 20. Rd7 Rb8 21.
Qe3 Kg7 22. Qg3+ Kh8 23. Qf4 Kg7 24. Qg3+ Kh8 25. Qh4 Kg7 1/2-1/2

[Event "World Junior Open 2015"]
[Site "Khanty-Mansiysk RUS"]
[Date "2015.09.14"]
[Round "12.27"]
[White "Taalaibekov, Tagir"]
[Black "Chumak, Dmitrii"]
[Result "1-0"]
[WhiteElo "2222"]
[BlackElo "1808"]
[WhiteFideId "13801163"]
[BlackFideId "34106658"]
[EventDate "2015.09.02"]

1. d4 d5 2. c4 c6 3. Nf3 Bf5 4. cxd5 cxd5 5. Qb3 Qc7 6. Nc3 e6 7. g3 a6 8. Bf4
Qd7 9. Ne5 Qc8 10. Rc1 Nc6 11. Nxc6 bxc6 12. Na4 Ra7 13. Rxc6 Qxc6 14. Qb8+ Ke7
15. Qxa7+ Kf6 16. Nc5 Bxc5 17. Qxc5 Qxc5 18. Be5+ Ke7 19. dxc5 Nf6 20. b4 Rc8
21. e3 Be4 22. Rg1 Ne8 23. f4 f6 24. Bd4 Rb8 25. a3 Nc7 26. Kd2 Kd7 27. Bc3 Kc6
28. a4 e5 29. fxe5 fxe5 30. Bd3 Bxd3 31. Kxd3 e4+ 32. Ke2 a5 33. b5+ Kxc5 34.
Bxa5 Nxb5 35. axb5 Rxb5 36. Bc3 g6 37. Ra1 Rb7 38. Bd4+ Kd6 39. Ra6+ Kd7 40. Ra7
Rxa7 41. Bxa7 h5 42. Kd2 Ke6 43. Kc3 1-0

[Event "World Junior Open 2015"]
[Site "Khanty-Mansiysk RUS"]
[Date "2015.09.14"]
[Round "12.28"]
[White "O'Mahoney, Keegan"]
[Black "Popov, Mikhail"]
[Result "1-0"]
[BlackTitle "FM"]
[WhiteElo "1788"]
[BlackElo "2327"]
[WhiteFideId "2506190"]
[BlackFideId "4146182"]
[EventDate "2015.09.02"]

1. d4 d5 2. c4 e5 3. dxe5 d4 4. Nf3 Nc6 5. a3 a5 6. e3 Bc5 7. exd4 Nxd4 8. Be3
Bg4 9. Be2 Nxf3+ 10. Bxf3 Qxd1+ 11. Bxd1 Bxe3 12. Bxg4 Bd4 13. Nc3 Bxe5 14.
O-O-O Nf6 15. Bf3 Bxc3 16. bxc3 O-O 17. Bxb7 Rab8 18. Bf3 Rb3 19. Kc2 Rfb8 20.
Rb1 Rxb1 21. Rxb1 Rxb1 22. Kxb1 Nd7 23. Kc2 Nc5 24. Kd2 Kf8 25. Ke3 Ke7 26. Kd4
Kd6 27. Bd5 f6 28. Bg8 h6 29. f4 g5 30. g3 gxf4 31. gxf4 Na4 32. Bf7 f5 33. Be8
c5+ 34. Kd3 Nb2+ 35. Kc2 Nxc4 36. Kb3 Ne3 37. Ka4 Nd5 38. Kxa5 Nxf4 39. Kb5 Nd5
40. Kc4 Nf6 41. Ba4 Ng4 42. h3 Nf2 43. h4 f4 44. Bc2 Ng4 45. Kd3 f3 46. Ke4 f2
47. Bd3 Nh2 48. Kf5 f1=Q+ 49. Bxf1 Nxf1 50. Kg6 Kc6 51. Kxh6 Kb5 52. Kg5 Ng3 53.
Kf4 Ne2+ 54. Ke5 Ng3 55. Kd5 Ne2 56. c4+ Kb6 57. Kd6 Ng3 58. Kd7 Ne4 59. Ke6 Ng3
60. Kd5 Nf5 61. h5 Ne3+ 62. Ke6 Ng4 63. Kd6 Ne3 64. Ke6 Ng4 65. a4 Ka5 66. Kd6
Kb4 67. a5 Ne3 68. a6 Nxc4+ 69. Ke6 Kb5 70. a7 Nb6 71. h6 Ka6 72. h7 Kxa7 73.
h8=Q Ka6 74. Kd6 c4 75. Kc5 c3 76. Qh6 1-0

[Event "World Junior Open 2015"]
[Site "Khanty-Mansiysk RUS"]
[Date "2015.09.14"]
[Round "12.29"]
[White "Dias, Matheus Nunes"]
[Black "Van Laeken, Jonathan"]
[Result "0-1"]
[WhiteElo "1699"]
[BlackElo "1866"]
[WhiteFideId "2136570"]
[BlackFideId "228567"]
[EventDate "2015.09.02"]

1. d4 g6 2. c4 Bg7 3. Nc3 c5 4. e3 cxd4 5. exd4 Nf6 6. Be2 O-O 7. Nf3 d5 8. O-O
Nc6 9. Bf4 Bf5 10. Rc1 Rc8 11. cxd5 Nxd5 12. Nxd5 Qxd5 13. Bc4 Qa5 14. Bd2 Qb6
15. Bc3 Bg4 16. d5 Bxc3 17. dxc6 Bf6 18. cxb7 Qxb7 19. b3 Kg7 20. Qe2 Bxf3 21.
gxf3 Qb8 22. Rfd1 Qf4 23. Qe3 Qh4 24. Rd5 e6 25. Ra5 Rcd8 26. Qe4 Qh6 27. Re1
Bc3 28. Rxa7 Bxe1 29. Qxe1 Qg5+ 30. Kh1 Kg8 31. a4 Qf4 32. Qe4 Rd1+ 33. Kg2 Qg5+
34. Qg4 Qc1 35. Qe4 Rg1+ 36. Kh3 Qg5 0-1

[Event "World Junior Open 2015"]
[Site "Khanty-Mansiysk RUS"]
[Date "2015.09.14"]
[Round "12.30"]
[White "Sabirov, Timur"]
[Black "Dutreuil, Raphael"]
[Result "0-1"]
[WhiteElo "1665"]
[BlackElo "2166"]
[WhiteFideId "44107323"]
[BlackFideId "20630999"]
[EventDate "2015.09.02"]

1. e4 c5 2. Nf3 Nc6 3. d4 cxd4 4. Nxd4 Nf6 5. Nc3 e5 6. Ndb5 d6 7. Bg5 a6 8. Na3
b5 9. Nd5 Be7 10. Bxf6 Bxf6 11. c3 O-O 12. Nc2 Bg5 13. a4 bxa4 14. Rxa4 a5 15.
b4 Be6 16. Bb5 Ne7 17. O-O f5 18. Nxe7+ Qxe7 19. exf5 Rxf5 20. Bd3 Rf6 21. Rxa5
Raf8 22. Be4 Qc7 23. Qd3 Kh8 24. Ne3 Qf7 25. f3 Rh6 26. Nf5 Bxf5 27. Bxf5 Bd8
28. Be4 Bxa5 29. bxa5 Qa7+ 30. Kh1 Qxa5 31. c4 Qc5 32. Qd5 Qe3 33. Ra1 Rhf6 34.
Qd3 Qf4 35. g3 Qg5 36. Qd1 Qe3 37. Kg2 Rb8 38. Ra2 Qc3 39. Qc2 Qe3 40. Qe2 Qc5
41. Bd5 Rff8 42. Qf2 Qb4 43. Qd2 Qb6 44. Qf2 Qd8 45. Qd2 Qc7 46. Qf2 Rb1 47. Qc2
Qb6 48. Qf2 Qb3 49. Qc2 Qxc2+ 50. Rxc2 Rfb8 51. g4 R8b2 52. Rxb2 Rxb2+ 53. Kg3
g5 54. h4 h6 55. hxg5 hxg5 56. f4 exf4+ 57. Kf3 Kg7 58. Ke4 Kf6 59. Bg8 Re2+ 60.
Kf3 Re3+ 0-1

[Event "World Junior Open 2015"]
[Site "Khanty-Mansiysk RUS"]
[Date "2015.09.14"]
[Round "12.31"]
[White "Lootens, Matthias"]
[Black "El Fazari, Mohamed Amin"]
[Result "1-0"]
[WhiteElo "1935"]
[BlackElo "1832"]
[WhiteFideId "218634"]
[BlackFideId "9002545"]
[EventDate "2015.09.02"]

1. e4 e6 2. d3 d5 3. Be2 Nc6 4. f4 Nf6 5. e5 Nd7 6. Nf3 Be7 7. O-O O-O 8. c3 f6
9. d4 fxe5 10. fxe5 Nb6 11. Bd3 Bd7 12. Qc2 h6 13. Qf2 g5 14. Qg3 Qe8 15. Qh3
Kg7 16. Nxg5 Rxf1+ 17. Kxf1 Bxg5 18. Bxg5 Qf7+ 19. Bf6+ 1-0

[Event "World Junior Open 2015"]
[Site "Khanty-Mansiysk RUS"]
[Date "2015.09.15"]
[Round "13.1"]
[White "Bok, Benjamin"]
[Black "Duda, Jan-Krzysztof"]
[Result "1/2-1/2"]
[WhiteTitle "GM"]
[BlackTitle "GM"]
[WhiteElo "2586"]
[BlackElo "2645"]
[WhiteFideId "1017063"]
[BlackFideId "1170546"]
[EventDate "2015.09.02"]

1. e4 c5 2. Nf3 d6 3. d4 cxd4 4. Nxd4 Nf6 5. Nc3 a6 6. Be3 e5 7. Nf3 Be7 8. Bc4
O-O 9. O-O Be6 10. Bb3 Nc6 11. Qe2 Na5 12. Rfd1 Nxb3 13. axb3 Qc7 14. Bg5 Nh5
15. Nxe5 Bxg5 16. Qxh5 Bf6 17. Nf3 Bxc3 18. bxc3 Qxc3 19. Nd4 Rfe8 20. Qa5 Rac8
21. Qb6 Qc7 22. Qxc7 Rxc7 23. c4 Kf8 24. f3 Ke7 25. Rd3 Bd7 26. Kf2 Rec8 27.
Rad1 b5 28. cxb5 axb5 29. Ra1 Rc1 30. Ra6 R8c7 31. Rb6 Ra7 32. Rd2 Rc5 33. g4 g6
34. h4 Rac7 35. Kg3 h6 36. Kf4 Re5 37. g5 hxg5+ 38. hxg5 Rec5 39. b4 Rc3 40. Kg3
R7c4 41. Nxb5 Bxb5 42. Rxb5 Rxe4 43. Rb7+ Ke6 44. Rb6 Ke7 45. Rb7+ Ke6 46. Rb6
Ke7 47. Rbxd6 Rxb4 48. Rd7+ Kf8 49. R7d3 1/2-1/2

[Event "World Junior Open 2015"]
[Site "Khanty-Mansiysk RUS"]
[Date "2015.09.15"]
[Round "13.2"]
[White "Antipov, Mikhail Al."]
[Black "Rambaldi, Francesco"]
[Result "1-0"]
[WhiteTitle "GM"]
[BlackTitle "IM"]
[WhiteElo "2538"]
[BlackElo "2540"]
[WhiteFideId "4107012"]
[BlackFideId "20657307"]
[EventDate "2015.09.02"]

1. e4 c6 2. d4 d5 3. e5 Bf5 4. Nd2 e6 5. Nb3 Nd7 6. Nf3 h6 7. Be2 Ne7 8. O-O g5
9. Ne1 Qc7 10. Nd3 Ng6 11. Bd2 O-O-O 12. a4 f6 13. exf6 Bd6 14. g3 Rdf8 15. Ndc5
Bxc5 16. Nxc5 Nxc5 17. dxc5 Bh3 18. Re1 Rxf6 19. Bg4 Bxg4 20. Qxg4 h5 21. Qxg5
Qf7 22. Qe3 e5 23. b4 Rf8 24. Rf1 h4 25. Qe2 e4 26. Bc3 Rf3 27. Bd4 Qd7 28. Kh1
Qg4 29. Rfe1 e3 30. Bxe3 hxg3 31. hxg3 Nh4 32. Kh2 d4 33. Bf4 Rxf2+ 34. Qxf2
Nf3+ 35. Kg2 Rxf4 36. Re8+ Kd7 37. Rae1 Nxe1+ 38. Qxe1 Rf7 39. Rb8 Qf3+ 40. Kg1
Rf8 41. Rxb7+ Kc8 42. Rxa7 Kb8 43. Re7 Rd8 44. b5 d3 45. Qe5+ Ka8 46. Ra7+ Kxa7
47. Qc7+ Ka8 48. Qxd8+ Kb7 49. Qd7+ Kb8 50. Qxd3 1-0

[Event "World Junior Open 2015"]
[Site "Khanty-Mansiysk RUS"]
[Date "2015.09.15"]
[Round "13.3"]
[White "Bluebaum, Matthias"]
[Black "Ali Marandi, Cemil Can"]
[Result "1-0"]
[WhiteTitle "GM"]
[BlackTitle "IM"]
[WhiteElo "2580"]
[BlackElo "2422"]
[WhiteFideId "24651516"]
[BlackFideId "6300529"]
[EventDate "2015.09.02"]

1. Nf3 Nf6 2. c4 c6 3. d4 d5 4. e3 e6 5. Bd3 Nbd7 6. O-O Bd6 7. Nc3 dxc4 8. Bxc4
b5 9. Bb3 Bb7 10. e4 e5 11. dxe5 Nxe5 12. Bf4 Qe7 13. Bxe5 Bxe5 14. Nxe5 Qxe5
15. f4 Qc5+ 16. Kh1 Rd8 17. Qf3 O-O 18. e5 Nd5 19. Ne4 Qe7 20. Qg3 Kh8 21. Nd6
f5 22. Bxd5 cxd5 23. Qf2 d4 24. Qxd4 g5 25. Rad1 gxf4 26. Rxf4 Qg7 27. e6 Bxg2+
28. Kg1 Rxd6 29. Qxg7+ Kxg7 30. Rxd6 Be4 31. Rd7+ Kg6 32. e7 Re8 33. Rxa7 1-0